No te gustaría ser un atleta griego / (Registro nro. 37264)
[ vista simple ]
| 000 -CABECERA | |
|---|---|
| Longitud fija campo de control | 01264cam a2200325 a 4500 |
| 003 - • IDENTIFICADOR DELl NÚMERO DE CONTROL | |
| Identificador del número de control | CO-ViMGA |
| 005 - • FECHA Y HORA DE LA ÚLTIMA TRANSACCIÓN | |
| Fecha y hora de la última transacción | 20230915233611.0 |
| 008 - • CÓDIGOS DE INFORMACIÓN DE LONGITUD FIJA | |
| Códigos de información de longitud fija | 050127s2005 ck a jr 00110bspa d |
| 020 ## - • NÚMERO INTERNACIONAL NORMALIZADO PARA LIBROS | |
| Número Internacional Normalizado para Libros (ISBN) | 9789583016851 |
| 040 ## - FUENTE DE LA CATALOGACIÓN | |
| Centro catalogador de origen | CO-ViMGA |
| Lengua de catalogación | spa |
| Centro transcriptor | CO-ViMGA |
| 041 1# - • CÓDIGO DE LENGUA | |
| Código de lengua original | eng |
| 043 ## - CÓDIGO DE ÁREA GEOGRÁFICA | |
| Código de área geográfica | e-gr--- |
| 082 04 - • NÚMERO DE LA CLASIFICACIÓN DECIMAL DEWEY | |
| Número de clasificación (R) | I796.48 |
| Número del ítem | F67n |
| Número de edición | 20 ed. |
| 100 1# - • PUNTO DE ACCESO PRINCIPAL-NOMBRE DE PERSONA | |
| Nombre de persona | Ford, Michael. |
| 245 10 - • TITULO PROPIAMENTE DICHO | |
| Título | No te gustaría ser un atleta griego / |
| Mención de responsabilidad, etc. | esrito por Michael Ford ; ilustrado por David Antram ; creado y diseñado por David Salariya ; traducción Esperanza Gom̤ez. |
| 300 ## - • DESCRIPCIÓN FÍSICA | |
| Extensión | 32 p. : |
| Otras características físicas | il. ; |
| Dimensiones | 25 cm. |
| 500 ## - • NOTA GENERAL | |
| Nota general | Incluye glosario e índice. |
| 534 ## - • Nota De Versión Original | |
| -- | Título original. : |
| Título | You wouldn't want to be a greek athlete. |
| 650 14 - • PUNTO DE ACCESO ADICIONAL DE MATERIA - TÉRMINO DE MATERIA | |
| Término de materia o nombre geográfico como elemento inicial | Atletismo |
| Subdivisión geográfica | Grecia |
| Subdivisión de forma | Literatura juvenil. |
| 650 14 - • PUNTO DE ACCESO ADICIONAL DE MATERIA - TÉRMINO DE MATERIA | |
| Término de materia o nombre geográfico como elemento inicial | Deportes al aire libre |
| Subdivisión geográfica | Grecia |
| Subdivisión de forma | Literatura juvenil. |
| 650 14 - • PUNTO DE ACCESO ADICIONAL DE MATERIA - TÉRMINO DE MATERIA | |
| Término de materia o nombre geográfico como elemento inicial | Deportes |
| Subdivisión geográfica | Grecia |
| Subdivisión de forma | Literatura juvenil. |
| 650 14 - • PUNTO DE ACCESO ADICIONAL DE MATERIA - TÉRMINO DE MATERIA | |
| Término de materia o nombre geográfico como elemento inicial | Lucha libre |
| Subdivisión geográfica | Grecia |
| Subdivisión de forma | Literatura juvenil. |
| 650 14 - • PUNTO DE ACCESO ADICIONAL DE MATERIA - TÉRMINO DE MATERIA | |
| Término de materia o nombre geográfico como elemento inicial | Olimpiadas |
| Subdivisión geográfica | Grecia |
| Subdivisión de forma | Literatura juvenil. |
| 700 1# - • PUNTO DE ACCESO ADICIONAL - NOMBRE DE PERSONA | |
| Nombre de persona | Antram, David, |
| Fechas asociadas al nombre | 1958-, |
| Término indicativo de función | il. |
| 700 1# - • PUNTO DE ACCESO ADICIONAL - NOMBRE DE PERSONA | |
| Nombre de persona | Gom̤ez, Diana Esperanza, |
| Término indicativo de función | tr. |
| 700 1# - • PUNTO DE ACCESO ADICIONAL - NOMBRE DE PERSONA | |
| Nombre de persona | Salariya, David, |
| Término indicativo de función | il. |
| 942 ## - ENTRADA DE ELEMENTOS AGREGADOS (KOHA) | |
| Fuente de clasificaión o esquema | Dewey Decimal Classification |
| Koha [por defecto] tipo de item | LIbro |
| Perdido | Fuente de clasificación o esquema | Estado Físico | No para préstamo | Forma de adquisición | Localización permanente | Localización actual | Fecha adquisición | Préstamos totales | Signatura completa | Código de barras | Fecha última consulta | Fecha del precio de reemplazo | Tipo de item de Koha | Localización en estanterías | Número de copia |
|---|---|---|---|---|---|---|---|---|---|---|---|---|---|---|---|
| Dewey Decimal Classification | Sala Infantil Segundo Piso | Biblioteca Pública Germán Arciniegas - Villavicencio | Biblioteca Pública Germán Arciniegas - Villavicencio | 03/31/2020 | I796.48 F67n | 33140 | 03/31/2020 | 03/31/2020 | LIbro | ||||||
| Dewey Decimal Classification | Sala Infantil Segundo Piso | Biblioteca Pública Germán Arciniegas - Villavicencio | Biblioteca Pública Germán Arciniegas - Villavicencio | 03/31/2020 | I796.48 F67n | 33141 | 03/31/2020 | 03/31/2020 | LIbro | ||||||
| Dewey Decimal Classification | Infantil | Biblioteca Pública La Macarena | Biblioteca Pública La Macarena | 08/14/2024 | 796.48F 67n | LM001707 | 08/14/2024 | 08/14/2024 | LIbro | Sala Infantil | Ej.1 |